00494 2200193 4500001002100000005001500021008004100036020002200077035001900099041000700118082000800125090001400133100001800147245003300165260004000198300003500238500001100273650001600284INLIS00000000000233220241224112522241224||||||||| | ||| |||| || |  a978-602-9018-29-5 0010-1224002332 aid0 a610 a610 WAY p0 aWayan Sudarta00aPengkajian Fisik Keperawatan aYogyakartabGosyen Publishingc2012 aviii, 101 hlm. : ilus. ; 20 cm aCet. 1 0aKeperawatan